00478nmm a2200145Ia 4500008004100000020001500041041000800056100002900064245006000093264007800153300001800231490001800249650001600267856004900283251105s9999||||xx |||||||||||||||||und|| a847908278X aspa aBeléndez Vázquez, A. 0aFundamentos de óptica para ingeniería informática a[Madrid, España] :bPublicaciones de la Universidad de Alicante, c1996 a320 páginas aInformática aEngineering uhttps://public.digitaliapublishing.com/a/662